000
00255nam a22001217a 4500
003
SGT
020
_a
978-81-85790-14-5
245
_a
PHARMACEUTICS-I
250
_a
9th
260
_a
NIRALI, PRAKASH
_b
PUNE
_c
2014
650
_a
PHARMACEUTICS
942
_2
ddc
_c
BK
999
_c
24697
_d
24697